[Event "COL pre olympic sf3"]
[Site "Dosquebradas"]
[Date "2018.06.02"]
[Round "7"]
[White "Lopez Ramirez, Jorge Hernan"]
[Black "Norena, Derly Jiseth"]
[Result "1-0"]
[WhiteElo "1973"]
[BlackElo "1628"]
[PlyCount "99"]
[EventDate "2018.05.30"]
[EventType "swiss"]
[EventRounds "10"]
[EventCountry "COL"]
[SourceTitle "CBM 184 Extra"]
[Source "ChessBase"]
[SourceDate "2018.06.28"]
[SourceVersion "1"]
[SourceVersionDate "2018.06.28"]
[SourceQuality "1"]

1. e4 e5 2. Bc4 Nf6 3. d3 c6 4. Nf3 d5 5. exd5 Qa5+ 6. Bd2 Qc7 7. dxc6 Nxc6 8. 0-0 Bd6 9. Nc3 a6 10. Bg5 Bg4 11. Bxf6 gxf6 12. Nd5 Qd8 13. Ne3 Bh5 14. Nf5 Rg8 15. Ng3 Bg4 16. h3 Be6 17. Bxe6 fxe6 18. c3 Qe7 19. b4 Qg7 20. Ne1 0-0-0 21. a4 Na7 22. Ne4 Qg6 23. Nxd6+ Rxd6 24. Qf3 Kb8 25. Qe3 Rgd8 26. f4 exf4 27. Rxf4 e5 28. Rf3 Rc8 29. c4 Nc6 30. Nc2 Rcd8 31. Ra3 Nd4 32. Nxd4 Rxd4 33. b5 axb5 34. axb5 Qg7 35. b6 Qe7 36. Rb3 Qd6 37. Qf2 Rf8 38. Qa2 Kc8 39. Qa8+ Qb8 40. Qa3 Kd7 41. Qc1 Qd6 42. Qh6 Rf7 43. Qh5 Ke7 44. Qf5 Qc5 45. Re3 Rd6 46. Qf2 Qc6 47. Re4 Rxd3 48. Rxd3 Qxe4 49. Qc5+ Ke6 50. Qc8+ 1-0

[Event "COL pre olympic sf3"]
[Site "Dosquebradas"]
[Date "2018.06.02"]
[Round "6"]
[White "Norena, Derly Jiseth"]
[Black "Vargas, Eduar Misael"]
[Result "1/2-1/2"]
[WhiteElo "1628"]
[BlackElo "1956"]
[PlyCount "40"]
[EventDate "2018.05.30"]
[EventType "swiss"]
[EventRounds "10"]
[EventCountry "COL"]
[SourceTitle "CBM 184 Extra"]
[Source "ChessBase"]
[SourceDate "2018.06.28"]
[SourceVersion "1"]
[SourceVersionDate "2018.06.28"]
[SourceQuality "1"]

1. e4 c5 2. Nf3 d6 3. d4 cxd4 4. Nxd4 Nf6 5. Nc3 Nc6 6. Be2 e5 7. Ndb5 a6 8. Na3 Be7 9. Be3 b5 10. Nd5 0-0 11. Bf3 Be6 12. c4 bxc4 13. Nxc4 Rb8 14. b3 Bxd5 15. exd5 Na5 16. 0-0 Nxc4 17. bxc4 Nd7 18. Qa4 a5 19. Rab1 Qc7 20. Bd2 Bd8 1/2-1/2

[Event "COL pre olympic sf3"]
[Site "Dosquebradas"]
[Date "2018.05.31"]
[Round "2"]
[White "Norena, Derly Jiseth"]
[Black "Pereira Vera, Henry Alberto"]
[Result "1-0"]
[WhiteElo "1628"]
[BlackElo "1882"]
[PlyCount "44"]
[EventDate "2018.05.30"]
[EventType "swiss"]
[EventRounds "10"]
[EventCountry "COL"]
[SourceTitle "CBM 184 Extra"]
[Source "ChessBase"]
[SourceDate "2018.06.28"]
[SourceVersion "1"]
[SourceVersionDate "2018.06.28"]
[SourceQuality "1"]

1. e4 d5 2. exd5 Qxd5 3. Nc3 Qd6 4. d4 Nf6 5. Nf3 g6 6. h3 Bg7 7. Be3 a6 8. Bc4 Nc6 9. Qd2 0-0 10. 0-0 Bf5 11. Nh4 Ne4 12. Nxe4 Bxe4 13. c3 Rad8 14. Rfe1 Bd5 15. Bf4 e5 16. dxe5 Qc5 17. Bxd5 Rxd5 18. Qc2 Nxe5 19. Rad1 Rxd1 20. Qxd1 Nc4 21. Qe2 Nd6 22. Nf3 h6 1-0

[Event "COL-ch U16 Girls"]
[Site "Cartagena"]
[Date "2018.05.18"]
[Round "6"]
[White "Norena, Derly Jiseth"]
[Black "Leal, Dayana Vanessa"]
[Result "0-1"]
[WhiteElo "1628"]
[BlackElo "1412"]
[PlyCount "76"]
[EventDate "2018.05.15"]
[EventType "tourn"]
[EventRounds "9"]
[EventCountry "COL"]
[SourceTitle "CBM 184 Extra"]
[Source "ChessBase"]
[SourceDate "2018.06.28"]
[SourceVersion "1"]
[SourceVersionDate "2018.06.28"]
[SourceQuality "1"]

1. e4 e5 2. Nf3 Nc6 3. Bc4 Bc5 4. d4 Bxd4 5. Nxd4 Nxd4 6. c3 Nc6 7. 0-0 Nf6 8. Bg5 h6 9. Bh4 g5 10. Bg3 d6 11. Nd2 Bd7 12. b4 Qe7 13. a4 h5 14. h3 h4 15. Bh2 g4 16. hxg4 Nxg4 17. Nf3 f5 18. exf5 Bxf5 19. Qd2 Be6 20. Bxe6 Qxe6 21. Rfe1 Qf5 22. Rad1 0-0-0 23. Qg5 Qxg5 24. Nxg5 Rdg8 25. Nf3 Ne7 26. Re2 Ng6 27. Ne1 Rh7 28. Nd3 h3 29. Bg3 h2+ 30. Kh1 Rgh8 31. Rde1 Nf6 32. Nb2 Nd5 33. Nd1 Ndf4 34. Bxf4 Nxf4 35. Re4 Rg8 36. g3 Nh3 37. R4e3 Ng1 38. Rd3 Rf8 0-1

[Event "COL-ch sf (Women)"]
[Site "Palmira"]
[Date "2017.05.19"]
[Round "7"]
[White "Norena, Derly Jiseth"]
[Black "Manzano Gomez, Valentina"]
[Result "1/2-1/2"]
[WhiteElo "1599"]
[BlackElo "1479"]
[PlyCount "24"]
[EventDate "2017.05.15"]
[EventType "swiss"]
[EventRounds "7"]
[EventCountry "COL"]
[SourceTitle "CBM 178 Extra"]
[Source "ChessBase"]
[SourceDate "2017.06.22"]
[SourceVersion "1"]
[SourceVersionDate "2017.06.22"]
[SourceQuality "1"]

1. e4 e5 2. d4 exd4 3. Qxd4 Nc6 4. Qe3 d6 5. Nc3 Be6 6. f4 f6 7. Bd3 Qd7 8. Bd2 0-0-0 9. Nf3 d5 10. exd5 Bxd5 11. 0-0-0 Nh6 12. h3 Nf5 1/2-1/2

[Event "COL-ch sf (Women)"]
[Site "Palmira"]
[Date "2017.05.16"]
[Round "2"]
[White "Norena, Derly Jiseth"]
[Black "Giraldo Osorio, Jimena"]
[Result "1-0"]
[WhiteElo "1599"]
[BlackElo "1366"]
[PlyCount "20"]
[EventDate "2017.05.15"]
[EventType "swiss"]
[EventRounds "7"]
[EventCountry "COL"]
[SourceTitle "CBM 178 Extra"]
[Source "ChessBase"]
[SourceDate "2017.06.22"]
[SourceVersion "1"]
[SourceVersionDate "2017.06.22"]
[SourceQuality "1"]

1. e4 e5 2. Nf3 Nc6 3. Bb5 a6 4. Ba4 b5 5. Bb3 Nf6 6. 0-0 Bc5 7. Nxe5 Nxe4 8. Nxc6 dxc6 9. Qf3 Qf6 10. Qxf6 gxf6 1-0

[Event "Buenaventura sf2 U16 Girls"]
[Site "Buenaventura"]
[Date "2017.03.19"]
[Round "4.1"]
[White "Norena, Derly Jiseth"]
[Black "Manzano Gomez, Valentina"]
[Result "1/2-1/2"]
[WhiteElo "1536"]
[BlackElo "1410"]
[PlyCount "32"]
[EventDate "2017.03.17"]
[EventType "swiss"]
[EventRounds "5"]
[EventCountry "COL"]
[SourceTitle "EXT 2024"]
[Source "ChessBase"]
[SourceDate "2023.10.10"]
[SourceVersion "1"]
[SourceVersionDate "2023.10.10"]
[SourceQuality "1"]

1. e4 c5 2. Nf3 d6 3. d4 cxd4 4. Nxd4 Nf6 5. Nc3 Nc6 6. Bg5 e6 7. Qd2 a6 8. 0-0-0 Bd7 9. f3 h6 10. Bh4 Nxe4 11. Nxe4 Qxh4 12. Nxc6 Bxc6 13. Nxd6+ Bxd6 14. Qxd6 Rd8 15. Qxd8+ Qxd8 16. Rxd8+ Kxd8 1/2-1/2

[Event "Santiago de Cali op"]
[Site "Cali"]
[Date "2016.12.29"]
[Round "8"]
[White "Paniagua, Fabio de Jesus"]
[Black "Norena, Derly Jiseth"]
[Result "1-0"]
[WhiteElo "1847"]
[BlackElo "1531"]
[PlyCount "42"]
[EventDate "2016.12.26"]
[EventType "swiss"]
[EventRounds "8"]
[EventCountry "COL"]
[SourceTitle "EXT 2018"]
[Source "ChessBase"]
[SourceDate "2017.10.13"]
[SourceVersion "1"]
[SourceVersionDate "2017.10.13"]
[SourceQuality "1"]

1. Nf3 c5 2. g3 g6 3. Bg2 Bg7 4. 0-0 Nc6 5. d3 d6 6. Nc3 e6 7. e4 Nge7 8. Be3 Nd4 9. Rb1 0-0 10. Ne2 Nec6 11. c3 Nxe2+ 12. Qxe2 b6 13. Rfd1 e5 14. Bg5 Qd7 15. h4 Bb7 16. Nh2 Ne7 17. Ng4 d5 18. Nf6+ Bxf6 19. Bxf6 Rfd8 20. Qd2 Qe8 21. exd5 Bxd5 1-0

[Event "COL-ch Superate A (Women)"]
[Site "Bogota"]
[Date "2016.11.05"]
[Round "6.2"]
[White "Norena, Derly Jiseth"]
[Black "Jaraba Andrade, Aura"]
[Result "1-0"]
[WhiteElo "1449"]
[BlackElo "1544"]
[PlyCount "59"]
[EventDate "2016.11.05"]
[EventType "swiss (blitz)"]
[EventRounds "10"]
[EventCountry "COL"]
[SourceTitle "EXT 2024"]
[Source "ChessBase"]
[SourceDate "2023.10.10"]
[SourceVersion "1"]
[SourceVersionDate "2023.10.10"]
[SourceQuality "1"]

1. e4 e5 2. Nf3 Nf6 3. Bc4 Nc6 4. d3 d6 5. Bb3 Bg4 6. c3 Be7 7. h3 Bh5 8. Nbd2 0-0 9. Nf1 h6 10. Ng3 Bg6 11. 0-0 Qd7 12. Nh4 Bh7 13. Nhf5 Bxf5 14. Nxf5 Kh7 15. Qf3 Bd8 16. Qg3 Rg8 17. f4 Nh5 18. Qf3 Nf6 19. fxe5 Nxe5 20. Qe2 c6 21. d4 Bb6 22. Kh1 Ng6 23. Nxh6 gxh6 24. Rxf6 Qe7 25. Qh5 Nf4 26. Qf5+ Kh8 27. Rxh6+ Kg7 28. Rh7+ Kf8 29. Rxf7+ Qxf7 30. Qxf7# 1-0

[Event "COL-ch Superate A (Women)"]
[Site "Bogota"]
[Date "2016.11.05"]
[Round "4.1"]
[White "Norena, Derly Jiseth"]
[Black "Moncada Correa, Sara"]
[Result "0-1"]
[WhiteElo "1449"]
[BlackElo "1527"]
[PlyCount "141"]
[EventDate "2016.11.05"]
[EventType "swiss (blitz)"]
[EventRounds "10"]
[EventCountry "COL"]
[SourceTitle "EXT 2024"]
[Source "ChessBase"]
[SourceDate "2023.10.10"]
[SourceVersion "1"]
[SourceVersionDate "2023.10.10"]
[SourceQuality "1"]

1. e4 c5 2. Nf3 Nc6 3. d4 cxd4 4. Nxd4 g6 5. Nc3 Bg7 6. Be3 Nf6 7. Bc4 0-0 8. Bb3 Na5 9. 0-0 Nxb3 10. axb3 b6 11. Qd2 Bb7 12. f3 a6 13. b4 b5 14. Nb3 Rb8 15. Rab1 d6 16. Nd5 Nxd5 17. exd5 Qc7 18. Rfd1 Rfc8 19. c3 Qc4 20. Na5 Qc7 21. Nxb7 Qxb7 22. Bh6 Qa7+ 23. Kh1 Rc4 24. Be3 Qb7 25. Rbc1 Rbc8 26. Bh6 Qc7 27. Bxg7 Kxg7 28. Qe2 Qd7 29. Re1 Re8 30. Qd3 e6 31. dxe6 fxe6 32. Rcd1 d5 33. Qe3 Kf7 34. Qh6 Kg8 35. Qg5 Qc7 36. Rxd5 Qc8 37. Rd6 Rc6 38. Qe5 Rxd6 39. Qxd6 Kf7 40. Qf4+ Kg8 41. Qf6 Qd7 42. Qe5 Qd2 43. Qe2 Qd7 44. Rd1 Qc6 45. Qd3 Re7 46. Qd8+ Kf7 47. Qd6 Qb7 48. Rd4 Qa7 49. Rf4+ Kg7 50. Qe5+ Kg8 51. Qf6 Re8 52. Rd4 e5 53. Rd8 Rxd8 54. Qxd8+ Kg7 55. Qd5 Qc7 56. Qc5 Qd7 57. Qxe5+ Kg8 58. Qb8+ Kg7 59. Qe5+ Kf7 60. Qd4 Qe7 61. Qe4 Qd7 62. Qe1 Qd3 63. Kg1 Qc2 64. Qf2 Qc1+ 65. Qf1 Qxb2 66. Qe1 Qb3 67. Qd2 Kg7 68. Qd4+ Kf7 69. Kf2 Qb2+ 70. Kg3 Qe2 71. Qd5+ 0-1

[Event "COL-ch Superate A (Women)"]
[Site "Bogota"]
[Date "2016.11.05"]
[Round "8.1"]
[White "Perez Valcarcel, Maria Jose"]
[Black "Norena, Derly Jiseth"]
[Result "0-1"]
[WhiteElo "1486"]
[BlackElo "1449"]
[PlyCount "58"]
[EventDate "2016.11.05"]
[EventType "swiss (blitz)"]
[EventRounds "10"]
[EventCountry "COL"]
[SourceTitle "EXT 2024"]
[Source "ChessBase"]
[SourceDate "2023.10.10"]
[SourceVersion "1"]
[SourceVersionDate "2023.10.10"]
[SourceQuality "1"]

1. e4 c5 2. Nf3 g6 3. d4 cxd4 4. Nxd4 Bg7 5. Nc3 Nc6 6. Be3 Nf6 7. Bc4 0-0 8. 0-0 a5 9. a3 Ng4 10. Bxf7+ Rxf7 11. Nxc6 dxc6 12. Qe2 Nxe3 13. fxe3 Be6 14. Rxf7 Bxf7 15. Rd1 Qb6 16. Kh1 Qxb2 17. Na4 Qxa3 18. Nb6 Rf8 19. Nd7 Re8 20. Qf3 Qc3 21. Rf1 Bc4 22. Rd1 Qxc2 23. h3 Be2 24. Qg3 Qxd1+ 25. Kh2 Qxd7 26. Qf2 Be5+ 27. Kh1 Qd1+ 28. Qg1 Qxg1+ 29. Kxg1 a4 0-1

[Event "COL-ch Superate A (Women)"]
[Site "Bogota"]
[Date "2016.11.04"]
[Round "2.4"]
[White "Norena, Derly Jiseth"]
[Black "Cajas Sanchez, Lorena"]
[Result "1-0"]
[WhiteElo "1622"]
[BlackElo "1591"]
[PlyCount "107"]
[EventDate "2016.11.04"]
[EventType "swiss (rapid)"]
[EventRounds "5"]
[EventCountry "COL"]
[SourceTitle "EXT 2024"]
[Source "ChessBase"]
[SourceDate "2023.10.10"]
[SourceVersion "1"]
[SourceVersionDate "2023.10.10"]
[SourceQuality "1"]

1. e4 c5 2. Nf3 d6 3. d4 cxd4 4. Nxd4 Nf6 5. Nc3 a6 6. Be2 e6 7. Be3 Be7 8. 0-0 0-0 9. f4 b5 10. Bf3 Bb7 11. a3 Nc6 12. Qe1 Qc7 13. Qg3 Rfe8 14. Rad1 e5 15. Nf5 g6 16. fxe5 dxe5 17. Nxe7+ Nxe7 18. Bg5 Qb6+ 19. Kh1 Nc8 20. Bg4 Nxe4 21. Nxe4 Bxe4 22. Bf6 Qc5 23. Bd7 Nb6 24. Bxe8 Rxe8 25. Qg5 Qf8 26. Bxe5 Bxc2 27. Rd2 Bb3 28. Qf6 Rxe5 29. Qxe5 Nc4 30. Qd4 Nxd2 31. Qxd2 Bc4 32. Re1 Qc8 33. Qd6 h6 34. Qe5 Be6 35. Qe3 Kg7 36. Rc1 Qb7 37. Qe5+ Kh7 38. Rc7 Qb6 39. Qc5 Qxc5 40. Rxc5 Kg7 41. Rc6 a5 42. Rb6 Bd7 43. Kg1 Kf8 44. Kf2 Ke8 45. Ke3 Kd8 46. Kd4 Kc7 47. Ra6 a4 48. Kc5 Bc8 49. Ra7+ Kd8 50. Kd6 h5 51. Rxf7 Ke8 52. Rg7 Kf8 53. Rxg6 Bf5 54. Rf6+ 1-0

[Event "COL-ch U20 Girls"]
[Site "Medellin"]
[Date "2016.03.18"]
[Round "5"]
[White "Norena, Derly Jiseth"]
[Black "Velez Alvarez, Laura Camila"]
[Result "0-1"]
[WhiteElo "1519"]
[BlackElo "1835"]
[PlyCount "54"]
[EventDate "2016.03.16"]
[EventType "swiss"]
[EventRounds "7"]
[EventCountry "COL"]
[SourceTitle "CBM 171 Extra"]
[Source "ChessBase"]
[SourceDate "2016.04.26"]
[SourceVersion "1"]
[SourceVersionDate "2016.04.26"]
[SourceQuality "1"]

1. e4 c5 2. Nf3 d6 3. d4 cxd4 4. Nxd4 Nf6 5. Nc3 g6 6. Be3 Bg7 7. Bc4 0-0 8. f3 Nc6 9. Qd2 Bd7 10. 0-0-0 Rc8 11. Bb3 Nxd4 12. Bxd4 b5 13. Nd5 Nxd5 14. exd5 Bxd4 15. Qxd4 a5 16. a3 Qc7 17. Qd2 Qb6 18. h4 a4 19. Ba2 Rxc2+ 20. Qxc2 Rc8 21. Qxc8+ Bxc8 22. Rhe1 Bf5 23. Re2 Qc5+ 24. Kd2 Qd4+ 25. Ke1 Qxh4+ 26. Kf1 Qh1+ 27. Kf2 Qxd1 0-1

[Event "Valle del Cauca-ch (Women)"]
[Site "Cali"]
[Date "2016.03.12"]
[Round "5"]
[White "Norena, Derly Jiseth"]
[Black "Argote Heredia, Valentina"]
[Result "0-1"]
[WhiteElo "1519"]
[BlackElo "1829"]
[PlyCount "48"]
[EventDate "2016.03.11"]
[EventType "swiss"]
[EventRounds "7"]
[EventCountry "COL"]
[SourceTitle "EXT 2018"]
[Source "ChessBase"]
[SourceDate "2017.10.13"]
[SourceVersion "1"]
[SourceVersionDate "2017.10.13"]
[SourceQuality "1"]

1. e4 c5 2. Nf3 d6 3. d4 cxd4 4. Nxd4 Nf6 5. Nc3 a6 6. Be2 e6 7. Be3 b5 8. a3 Bb7 9. f3 Nbd7 10. Qd2 Rc8 11. 0-0 Nb6 12. Nb3 Nfd7 13. f4 Be7 14. Rad1 0-0 15. Kh1 Rxc3 16. Qxc3 Bxe4 17. Bf3 Na4 18. Qd2 Bxf3 19. Rxf3 Nxb2 20. Rdf1 Nc4 21. Qb4 d5 22. Bc5 Nxc5 23. Nxc5 Qc8 24. Rh3 Qxc5 0-1